| 000 | 00947nam a2200277 a 4500 | ||
|---|---|---|---|
| 001 | 000004484 | ||
| 003 | DO-SdBNP | ||
| 005 | 20260529113814.0 | ||
| 008 | 090723s2006 dr 001 0 spa d | ||
| 020 | _a9945160109 | ||
| 040 |
_aDO-SdBNP _bspa _cBNPHU |
||
| 082 |
_a158.1 _bC352c |
||
| 100 | 1 |
_aCastillo Drullard, Pedro Héctor _911757 |
|
| 245 | 1 | 3 |
_aEl camino de la realización personal / _cPedro Héctor Castillo Drullard ; prólogo José Rafael Sosa. |
| 260 |
_aSanto Domingo : _bBúho, _c2006. |
||
| 300 |
_a194 p. ; _c22 cm. |
||
| 500 | _aIncluye datos biográficos del autor en la solapa de la cubierta | ||
| 504 | _aBibliografía : p. 193-194 | ||
| 590 | _aInventariado, 2018/LP | ||
| 650 | 0 |
_aAutorrealización (Psicología) _9211 |
|
| 650 | 0 |
_aVida espiritual _9268 |
|
| 650 | 4 |
_aTécnicas de autoayuda _913110 |
|
| 700 | 1 |
_aSosa, José Rafael, _epról. _964 |
|
| 910 | _aValidado. Control de calidad EMS | ||
| 942 |
_2ddc _cLBS1 |
||
| 999 |
_c4293 _d4293 |
||